| 000 | 00579nam a2200193 a 4500 | ||
|---|---|---|---|
| 001 | 24538 | ||
| 003 | CO-ViMGA | ||
| 008 | 141112s2004 ck r 000 u spa d | ||
| 020 | _a9684442009 | ||
| 040 |
_aCO-ViMGA _bspa _cCO-ViMGA |
||
| 082 | 0 | 4 | _a302.23 L691t |
| 100 | 1 |
_aLozano Rendon, Jose Carlos _936493 |
|
| 245 | 1 | 0 |
_aTeoría e investigación de la comunicación de masas / _cJosé Carlos Lozano Rendón |
| 260 |
_aMéxico : _bPearson, _c1996 |
||
| 300 | _a233 p. | ||
| 650 | 1 | 4 |
_aComunicación _952539 |
| 650 | 1 | 4 |
_aMedios de comunicación de masa _936494 |
| 942 |
_2ddc _cBK |
||
| 999 |
_c32365 _d32365 |
||